Biennial reports of the Chief of Staff of the United States Army to the Secretary of War : 1 July 1939-30 June 1945.

Bibliographic Details
Corporate Authors: United States. War Department. General Staff, United States. War Department, Center of Military History
Other Authors: Marshall, George C. (George Catlett), 1880-1959
Format: Government Document Book
Language:English
Published: Washington, DC : Center of Military History, 1996.
Subjects:

MARC

Tag First Indicator Second Indicator Subfields
LEADER 00000cam a2200000 a 4500
001 in00001337921
005 20151006050708.0
008 960319r19961941dcua f000 0 eng
010 |a gp 97055731  
010 |a  96014075  
020 |a 0160486572 
035 |a (OCoLC)34515370 
035 |9 AHF1102AM 
037 |a 008-029-00329-5  |b GPO 
040 |d GPO  |d DLC  |d MvI  |d UtOrBLW 
043 |a n-us--- 
050 0 0 |a D735  |b .B47 1996 
074 |a 0344 
082 0 0 |a 940.54/00973  |2 20 
086 0 |a D 114.2:SE 2/2 
110 1 |a United States.  |b War Department.  |b General Staff. 
245 1 0 |a Biennial reports of the Chief of Staff of the United States Army to the Secretary of War :  |b 1 July 1939-30 June 1945. 
264 1 |a Washington, DC :  |b Center of Military History,  |c 1996. 
300 |a x, 214 pages :  |b illustrations (some color) ;  |c 31 cm. 
336 |a text  |b txt  |2 rdacontent 
337 |a unmediated  |b n  |2 rdamedia 
338 |a volume  |b nc  |2 rdacarrier 
500 |a Reports made by George C. Marshall. 
500 |a Originally published as three separate volumes: Washington, DC : G.P.O., 1941-1945. With new introductory material. 
650 0 |a World War, 1939-1945  |x Campaigns  |x Sources. 
650 0 |a World War, 1939-1945  |z United States  |v Sources. 
610 1 0 |a United States.  |b Army  |x History  |y World War, 1939-1945  |x Sources. 
700 1 |a Marshall, George C.  |q (George Catlett),  |d 1880-1959. 
710 1 |a United States.  |b War Department. 
710 2 |a Center of Military History. 
999 |a MARS 
999 f f |s cca27c8d-e0ee-3e34-a12f-b00e6d27c637  |i 56b11118-e3a0-3e25-b0f1-02c665eb021b  |t 0 
952 f f |p normal  |a Texas A&M University  |b College Station  |c Sterling C. Evans Library  |d Evans: US Documents (Annex 5th floor)  |t 0  |e D 114.2:SE 2/2  |h Superintendent of Documents classification  |i unmediated -- volume  |m A14820689596 
998 f f |a D 114.2:SE 2/2  |t 0  |l Evans: US Documents (Annex 5th floor)